Attitude of student community towards police functioning in Tamil Nadu (Record no. 25958)

000 -LEADER
fixed length control field 00427pab a2200133 454500
008 - FIXED-LENGTH DATA ELEMENTS--GENERAL INFORMATION
fixed length control field 180718b xxu||||| |||| 00| 0 eng d
100 ## - MAIN ENTRY--PERSONAL NAME
Personal name Chockalingam K.
245 ## - TITLE STATEMENT
Title Attitude of student community towards police functioning in Tamil Nadu
362 ## - DATES OF PUBLICATION AND/OR SEQUENTIAL DESIGNATION
Dates of publication and/or sequential designation (3) Jul-Sep 93, p.9-12
650 ## - SUBJECT ADDED ENTRY--TOPICAL TERM
Topical term or geographic name entry element Police - Community Relations - India - Tamil Nadu
700 ## - ADDED ENTRY--PERSONAL NAME
Personal name Srinivasas M.
773 ## - HOST ITEM ENTRY
Main entry heading Police Research and Development
909 ## -
-- 25958
Holdings
Withdrawn status Lost status Damaged status Not for loan Permanent Location Current Location Date acquired Barcode Date last seen Price effective from Koha item type
        Indian Institute of Public Administration Indian Institute of Public Administration 2018-07-19 AR26032 2018-07-19 2018-07-19 Articles

Powered by Koha